000
00307nam a2200109Ia 4500
008
201224s9999 xx 000 0 und d
100
_a
Chatterji, Joya
245
0
_a
Bengal Divided : High Communalism and Partition 1932 - 1947
260
_a
Cambridge
_b
Cambridge University Press
300
_a
303
942
_c
BK
999
_c
8945
_d
8945